Sexuální výchova v rodině : Radost být matkou a také otcem /

Hlavní autor: Pšenička, Oldřich, 1934-2002
Jazyk: Čeština
Vydáno: Pardubice : Hnutí Rodina, 1994
Vydání: 1. vyd.
Témata:
Fyzický popis: 310 s. : obr., fotogr.
Knihy
Uloženo v:
LEADER 00848nam a2200265 a 4500
001 000022464
003 CZ BrMZK
005 20220103135524.0
007 ta
008 950313s1994 xr f cze d
015 |a cnb000092695 
020 |a 80-901524-1-4 
040 |a BOA001  |b cze 
080 |a 613.88  |2 MRF 
100 1 |a Pšenička, Oldřich,  |d 1934-2002  |7 nlk20030129972  |4 aut 
245 1 0 |a Sexuální výchova v rodině :  |b Radost být matkou a také otcem /  |c Oldřich Pšenička 
250 |a 1. vyd. 
260 |a Pardubice :  |b Hnutí Rodina,  |c 1994 
300 |a 310 s. :  |b obr., fotogr. 
500 |a Bibliogr. s. 307-310 
653 0 |a sexuální výchova 
910 |a BOA001  |b 2-1010.088 
964 |a Výchova sexuální 
990 |a BK 
996 6 |b 2610022608  |c 2-1010.088  |l MZK  |r Sklad / do 1 hodiny  |n 13  |p p.v.  |w 000022464  |u 000010  |a 1  |e BOA001  |j MZK50  |s P